Obchod v Evropském společenství /

Gespeichert in:
Bibliographische Detailangaben
1. Verfasser: Gibbs, Paul (Verfasst von)
Weitere Verfasser: Hančil, Tomáš (Übersetzung)
Format: Buch
Sprache:Tschechisch
Veröffentlicht: Praha : Grada, 1993
Schlagworte:
Online-Zugang:OBSAH
Tags: Tag hinzufügen
Keine Tags, Fügen Sie das erste Tag hinzu!

MARC

LEADER 00000nam a22000003a 4500
001 stu46266
005 20150617225716.1
008 980223s1993----cs------------------cze-d
020 |a 80-85623-33-1 
040 |a STU  |b slo 
041 0 |a cze 
044 |a cs 
080 |a 339.1 
080 |a 339.923(4-15) 
100 1 |a Gibbs, Paul  |4 aut 
245 1 |a Obchod v Evropském společenství /  |c [aut.]Paul Gibbs; Z angl. Tomáš Hančil 
260 |a Praha :  |b Grada,  |c 1993 
300 |a 290 s 
650 7 |a obchod  |2 stusub 
650 7 |a Spoločenstvo Európske  |2 stusub 
700 1 |a Hančil, Tomáš  |4 trl 
856 4 |a https://sweb.mtf.stuba.sk/obsahy/obchod_v_evropskem_spolecenstvi_93.pdf  |u https://sweb.mtf.stuba.sk/obsahy/obchod_v_evropskem_spolecenstvi_93.pdf  |3 OBSAH 
996 |b 284M034221  |c M*9828-1  |l MMST  |s A  |a 24  |w stu46266_0001